Palabras y reglas : ensayos en filosofía del derecho /

Análisis de las imprecisiones del lenguaje en el derecho, sus efectos en la práctica jurídca y el deber de los jueces en la interpretación del contenido del derecho al momento de resolver una controversia legal.

Tallennettuna:
Bibliografiset tiedot
Päätekijä: Endicott, Timothy (autor)
Aineistotyyppi: Kirja
Kieli:espanja
Julkaistu: México : Fontamara, 2004, c2004
Sarja:(Biblioteca de Etica, Filosofía del Derecho y Política ; 97)
Aiheet:
Tagit: Lisää tagi
Ei tageja, Lisää ensimmäinen tagi!

MARC

LEADER 00000nam^a2200000^a^4500
001 000304690
005 20250521000000.0
009 20260310112725.166
020 |a 968-476-483-9 
037 |a Acervo ITESO - Biblioteca 
041 |a ESP 
082 |a 340. 1  |b BIB V. 97 
100 |a Endicott, Timothy  |e (autor) 
240 1 1 |a [Biblioteca de ética, filosofía del derecho y política] 
245 1 0 |a Palabras y reglas :  |b ensayos en filosofía del derecho /  |c T. Endicott ; dir. de la serie de E. Garzón Valdés, R. Vázquez. 
264 4 |a México :  |b Fontamara,  |c 2004, c2004 
300 |a 133 p. 
336 |a texto  |b txt  |2 rdacontenido 
337 |a sin mediación  |b n  |2 rdamedio 
338 |a volumen  |b nc  |2 rdasoporte 
440 1 |a (Biblioteca de Etica, Filosofía del Derecho y Política ;  |v 97) 
520 |a Análisis de las imprecisiones del lenguaje en el derecho, sus efectos en la práctica jurídca y el deber de los jueces en la interpretación del contenido del derecho al momento de resolver una controversia legal. 
649 |a XX 
650 |a Lenguaje Jurídico -  |x Tema Principal 
650 |a Argumentación Jurídica 
650 |a Semántica 
650 |a Lingüística 
650 |a Derecho -  |x Interpretación 
650 |a Derecho -  |x Filosofía -  |x Tema Principal 
650 |a Hart, Herbert L.A. 
650 |a Dworkin, Ronald M. 
910 |a Fondo General 
920 |a Impresos - Libros 
930 |a Colección General 
905 |a 101 
901 |a 0500190991  |b IT1  |c ACC  |i C125156  |u 20250521 
902 |a https://opac.biblio.iteso.mx/vufind/Record/000304690